000 00674nam a2200205Ii 4500
003 JO-AjNU
008 230605s9999||||xx |||||||||||||| ||und||
040 _aJO-AjNU
_bara
_erda
_cJO-AjNU
041 _aara
050 1 4 _aRC681.M83 1997
100 3 _aبقلم فتحي ، محمد,
_eauthor
_914861
245 0 0 _aالقلب البديل (الخرافة والاسطورة)
264 3 1 _aالقاهرة: الهيئة المصرية للكتاب ،1997
300 _a192ص
336 _atext
_btxt
_2rdacontent
337 _aunmediated
_bn
_2rdamedia
338 _avolume
_bnc
_2rdacarrier
490 0 _aالعلم والحياة
650 4 _aالقلب البديل
_914862
999 _aA4063
_c7631
_d7631